LEADER 01073nam2-2200349---450- 001 990006156510203316 005 20160629095950.0 035 $a000615651 035 $aUSA01000615651 035 $a(ALEPH)000615651USA01 035 $a000615651 100 $a20160530d2012----km-y0itay50------ba 101 $aita 102 $aIT 105 $a||||||||001yy 200 1 $a<<3.1>>: Nascita ed evoluzione della iurisdictio$fGiovanni Nicosia 210 $aCatania$cLibreria editrice Torre$dcopyr. 2012 215 $aVIII, 180 p.$d25 cm 461 1$1001000614878$12001$a<> processo privato romano 606 0 $aProcesso romano$2BNCF 676 $a347.3707 700 1$aNICOSIA,$bGiovanni$0254835 801 0$aIT$bsalbc$gISBD 912 $a990006156510203316 951 $aXVI.5. 420/3.1$cXVI.5.$d00278857 959 $aBK 969 $aFMEL 979 $aGIUSY$b90$c20160629$lUSA01$h0957 979 $aGIUSY$b90$c20160629$lUSA01$h0959 979 $aGIUSY$b90$c20160629$lUSA01$h0959 996 $aNascita ed evoluzione della iurisdictio$91387601 997 $aUNISA LEADER 02012nam 2200625 450 001 9910807001603321 005 20230926041836.0 010 $a1-118-77040-4 010 $a1-118-77037-4 010 $a1-118-77036-6 035 $a(CKB)3710000000440560 035 $a(EBL)2083726 035 $a(SSID)ssj0001529833 035 $a(PQKBManifestationID)12581442 035 $a(PQKBTitleCode)TC0001529833 035 $a(PQKBWorkID)11523006 035 $a(PQKB)10048376 035 $a(PQKBManifestationID)16038354 035 $a(PQKB)23137942 035 $a(MiAaPQ)EBC4038546 035 $a(DLC) 2015030466 035 $a(Au-PeEL)EBL4038546 035 $a(CaPaEBR)ebr11112435 035 $a(CaONFJC)MIL812227 035 $a(OCoLC)957125352 035 $a(EXLCZ)993710000000440560 100 $a20151105h20152015 uy 0 101 0 $aeng 135 $aur|n|---||||| 181 $ctxt 182 $cc 183 $acr 200 10$aEarthquake prediction with radio techniques /$fMasashi Hayakawa 210 1$aSingapore :$cWiley,$d2015. 210 4$dİ2015 215 $a1 online resource (307 p.) 225 1 $aTHEi Wiley ebooks 300 $aDescription based upon print version of record. 311 $a1-118-77016-1 320 $aIncludes bibliographical references at the end of each chapters and index 327 $aEarthquakes (EQs) and EQ prediction -- Radio communication and radio noise -- DC/ULF technique -- ELF techniques -- VLF/LF techniques -- MF techniques -- HF/VHF/SHF techniques -- Satellite observations. 410 0$aTHEi Wiley ebooks. 606 $aEarthquake prediction 606 $aRadio telemetry 615 0$aEarthquake prediction. 615 0$aRadio telemetry. 676 $a551.2201/12 700 $aHayakawa$b Masashi$0447832 801 0$bMiAaPQ 801 1$bMiAaPQ 801 2$bMiAaPQ 906 $aBOOK 912 $a9910807001603321 996 $aEarthquake prediction with radio techniques$94079986 997 $aUNINA